000 00623nam a22002051a 4500
005 20150303020003.0
008 090715s1980 ilu 001 0 eng d
020 _a087784495X :
_c0.00
040 _aNEGST Library - Kenya
082 0 _aBS 391.2.S56 1980
100 1 _aSider, Ronald.
245 1 0 _aCry justice: the Bible speaks on hunger and poverty /
_cedited by Ronald Sider.
260 _aDowner's Grove, Illinois :
_bInter-Varsity,
_c1980.
300 _a220 p.
500 _aIncludes index.
600 1 0 _aBible - Poverty.
600 1 0 _aPoverty.
852 _922.95
942 0 0 _01
999 _c15578
_d15578